000 00667nam a2200193Ii 4500
003 JO-AjNU
008 230605s9999||||xx |||||||||||||| ||und||
040 _aJO-AjNU
_bara
_erda
_cJO-AjNU
041 _aara
050 1 4 _aPJ7574.A8842 1986
100 3 _aعطوان،حسين,
_eauthor
_96953
245 0 0 _aالرواية التاريخية في بلاد الشام في العصر الأموي
264 3 1 _aعمان:دار الجيل،1986
300 _a277ص
336 _atext
_btxt
_2rdacontent
337 _aunmediated
_bn
_2rdamedia
338 _avolume
_bnc
_2rdacarrier
650 4 _a الأمويون-تاريخ-بلاد الشام-العصر الأموي
_96954
999 _aA34
_c3602
_d3602